Austria EUROs Starting XIs - Statistics

General Stats
  • This quiz has been taken 68 times
  • The average score is 15 of 33
Answer Stats
Hint Answer % Correct
2020 LB David Alaba
98%
2016 AM David Alaba
98%
2020 CM Marcel Sabitzer
89%
2016 ST Marcel Sabitzer
89%
2020 RM Konrad Laimer
84%
2020 ST Marko Arnautovic
84%
2016 LM Marko Arnautovic
84%
2020 CM Xaver Schlager
65%
2020 LM Christoph Baumgartner
60%
2020 RB Stefan Lainer
54%
2016 DM Julian Baumgartlinger
51%
2016 LB Christian Fuchs
49%
2020 CB Martin Hinteregger
49%
2016 CB Martin Hinteregger
49%
2020 CB Aleksandar Dragovic
46%
2016 CB Aleksandar Dragovic
46%
2016 RM Martin Harnik
46%
2008 ST Martin Harnik
46%
2008 CB Sebastian Prödl
39%
2020 DM Florian Grillitsch
37%
2020 GK Daniel Bachmann
33%
2016 GK Robert Almer
25%
2016 DM Stefan Ilsanker
25%
2008 RM Andreas Ivanschitz
23%
2008 RB György Garics
19%
2016 RB Florian Klein
18%
2008 LB Emanuel Pogatetz
12%
2008 GK Jürgen Macho
11%
2008 CB Martin Stranzl
11%
2008 ST Roland Linz
11%
2008 LM Ümit Korkmaz
11%
2008 CM Christoph Leitgeb
9%
2008 CM René Aufhauser
9%
No matching quizzes found
Score Distribution
Percent of People with Each Score
Percentile by Number Answered
Your Score History
You have not taken this quiz